| 000 | 00485nab a2200145Ia 4500 | ||
|---|---|---|---|
| 003 | ES-SlBCS | ||
| 005 | 20210601125450.0 | ||
| 008 | 140529s1982-83 xxu||||| |||| 00| 0 eng d | ||
| 041 | _aeng | ||
| 100 | 1 |
_aUpton, Thomas V. _947274 |
|
| 245 | 0 | 0 |
_aPsychological and Metaphysical Dimensions of Non-Contradiction in Aristotle _c Thomas V. Upton |
| 600 | 0 | 4 |
_aAristóteles-No Contradicción _9158984 |
| 773 | 0 |
_tReview of Methaphysics _gvol. 36, 1982-83, págs. 591-606 _wRev843 |
|
| 942 | _cAR | ||
| 999 |
_c530793 _d530793 |
||